Sprievodca po marketingovom výskume

Bibliographic Details
Main Author: Přibová, Marie (Author)
Format: Article
Language:Slovak
Subjects:

MARC

LEADER 00000nab a2200000 a 4500
001 vtls000619272
003 SK-MaSNL
005 20260302185249.0
008 160324c1997 xo 0 slo
015 |a SNBRB19rr/mm-uuuuu 
035 |a CL0619411 
040 |a SNKBUCL  |b slo  |c SNKBUCL  |e AACR2 
041 0 |a slo 
044 |a xo  |c SK 
080 |a 658.8(048)  |2 1981 
080 |a 339.138(048)  |2 1981 
245 0 0 |a Sprievodca po marketingovom výskume 
650 0 7 |a marketing  |2 snkbucl  |9 2299 
655 7 |a články z novín a časopisov  |2 snkbucl  |9 267496 
700 1 |a Přibová, Marie  |4 aut  |9 241549 
773 0 |t Trend  |g Č. 5 (1997), s. 32A 
787 0 8 |i Rec.:  |a Příbová, Marie  |t Marketingový výzkum v praxi  |d Praha : GRADA Publishing, 1996 
850 |a Slovenská národná knižnica v Martine  |a MTA001 
852 |a SNK  |b KIS3GCP 
958 |a CZ 
958 |a RK 
958 |a RBX 
999 |c 1428813  |d 1430743